Economic development of the Arab countries : (Record no. 17730)
[ view plain ]
| 000 -LEADER | |
|---|---|
| fixed length control field | 01030pam a2200301 a 4500 |
| 001 - CONTROL NUMBER | |
| control field | 1579309 |
| 005 - DATE AND TIME OF LATEST TRANSACTION | |
| control field | 20131210102133.0 |
| 008 - FIXED-LENGTH DATA ELEMENTS--GENERAL INFORMATION | |
| fixed length control field | 930623s1993 xxuad b i000 0 eng |
| 010 ## - LIBRARY OF CONGRESS CONTROL NUMBER | |
| LC control number | 93025694 |
| 020 ## - INTERNATIONAL STANDARD BOOK NUMBER | |
| International Standard Book Number | 1557753326 |
| 020 ## - INTERNATIONAL STANDARD BOOK NUMBER | |
| International Standard Book Number | 9781557753328 |
| 040 ## - CATALOGING SOURCE | |
| Original cataloging agency | DLC |
| Transcribing agency | DLC |
| Modifying agency | DLC |
| 043 ## - GEOGRAPHIC AREA CODE | |
| Geographic area code | ma----- |
| 050 00 - LIBRARY OF CONGRESS CALL NUMBER | |
| Classification number | HC498 |
| Item number | E 24 1993 |
| 082 04 - DEWEY DECIMAL CLASSIFICATION NUMBER | |
| Classification number | 330.9174927 |
| Edition number | 22 |
| Item number | ECO |
| 100 1# - MAIN ENTRY--PERSONAL NAME | |
| 9 (RLIN) | 34361 |
| Personal name | El-Naggar, Said, |
| Dates associated with a name | 1920- |
| 245 10 - TITLE STATEMENT | |
| Title | Economic development of the Arab countries : |
| Remainder of title | selected issues / |
| Statement of responsibility, etc | edited by Said El-Naggar. |
| 260 ## - PUBLICATION, DISTRIBUTION, ETC. (IMPRINT) | |
| Place of publication, distribution, etc | Washington : |
| Name of publisher, distributor, etc | International Monetary Fund, |
| Date of publication, distribution, etc | 1993. |
| 300 ## - PHYSICAL DESCRIPTION | |
| Extent | x, 290 p. : |
| Other physical details | charts, tables ; |
| Dimensions | 23 cm. |
| 500 ## - GENERAL NOTE | |
| General note | "Papers presented at a seminar held in Bahrain, February 1-3, 1993." |
| 504 ## - BIBLIOGRAPHY, ETC. NOTE | |
| Bibliography, etc | Includes bibliographical references. |
| 651 #0 - SUBJECT ADDED ENTRY--GEOGRAPHIC NAME | |
| Geographic name | Arab countries |
| General subdivision | Economic conditions |
| 9 (RLIN) | 34360 |
| 653 ## - INDEX TERM--UNCONTROLLED | |
| Resource For college | |
| Arrived date list | November2013 |
| 653 ## - INDEX TERM--UNCONTROLLED | |
| Resource For college | |
| Arrived date list | December2013 |
| 655 ## - INDEX TERM--GENRE/FORM | |
| Form subdivision | |
| -- | 34232 |
| 710 2# - ADDED ENTRY--CORPORATE NAME | |
| Corporate name or jurisdiction name as entry element | International Monetary Fund. |
| 9 (RLIN) | 34362 |
| 942 ## - ADDED ENTRY ELEMENTS (KOHA) | |
| Source of classification or shelving scheme | Dewey Decimal Classification |
| Item type | Book - Borrowing |
| Call number prefix | 330.9174927 ECO |
| Withdrawn status | Item status | Source of classification or shelving scheme | Damaged status | Not for loan | Vendor | Home library | Current library | Shelving location | Date acquired | Source of acquisition | Total Checkouts | Total Renewals | Full call number | Barcode | Date last seen | Date last borrowed | Koha item type |
|---|---|---|---|---|---|---|---|---|---|---|---|---|---|---|---|---|---|
| Dewey Decimal Classification | Baccah | Central Library | Central Library | First floor | 02/11/2013 | 1 | 6 | 330.9174927 ECO | 000029595 | 15/07/2025 | 19/10/2015 | Book - Borrowing | |||||
| Dewey Decimal Classification | Baccah | Central Library | Central Library | First floor | 02/11/2013 | 2 | 1 | 330.9174927 ECO | 000029596 | 15/07/2025 | 18/12/2016 | Book - Borrowing | |||||
| Dewey Decimal Classification | Baccah | Central Library | Central Library | First floor | 04/12/2013 | 5 | 33 | 330.9174927 ECO | 000029669 | 15/07/2025 | 23/09/2018 | Book - Borrowing |